[Event "Capital"]
[Site "?"]
[Date "2015.09.14"]
[Round "7.9"]
[White "Mohandesi, Shahin"]
[Black "Talebi, Masoud"]
[Result "1-0"]
[BlackElo "1941"]
[WhiteElo "2204"]
[LiveChessVersion "1.4.6"]

1. Nf3 {[%clk 1:30:55]} Nf6 {[%clk 1:30:34]} 2. d4 {[%clk 1:31:16]} d5
{[%clk 1:30:55]} 3. Bf4 {[%clk 1:31:32]} c5 {[%clk 1:25:31]} 4. e3
{[%clk 1:29:37]} Qb6 {[%clk 1:23:18]} 5. Qc1 {[%clk 1:29:05]} Nc6
{[%clk 1:23:09]} 6. c3 {[%clk 1:27:24]} Bf5 {[%clk 1:22:56]} 7. dxc5
{[%clk 1:22:35]} Qxc5 {[%clk 1:23:14]} 8. Nbd2 {[%clk 1:22:59]} e6
{[%clk 1:20:31]} 9. Be2 {[%clk 1:22:25]} Be7 {[%clk 1:20:28]} 10. O-O
{[%clk 1:22:27]} h6 {[%clk 1:20:39]} 11. a4 {[%clk 1:18:58]} a5 {[%clk 1:20:08]}
12. Nb3 {[%clk 1:17:58]} Qb6 {[%clk 1:20:21]} 13. Nbd4 {[%clk 1:18:23]} O-O
{[%clk 1:06:55]} 14. Nxf5 {[%clk 1:18:13]} exf5 {[%clk 1:07:15]} 15. Rd1
{[%clk 1:05:08]} Bc5 {[%clk 1:06:37]} 16. Qc2 {[%clk 1:03:01]} Ne7
{[%clk 1:01:09]} 17. Nd4 {[%clk 1:02:51]} Ne4 {[%clk 0:59:16]} 18. Nb3
{[%clk 0:58:32]} Bd6 {[%clk 0:41:21]} 19. Bxd6 {[%clk 0:58:58]} Qxd6
{[%clk 0:41:31]} 20. g3 {[%clk 0:57:41]} g6 {[%clk 0:38:19]} 21. Bf3
{[%clk 0:58:06]} Qb6 {[%clk 0:36:01]} 22. Nd4 {[%clk 0:58:18]} Nc6
{[%clk 0:35:53]} 23. Nb5 {[%clk 0:57:32]} Rad8 {[%clk 0:35:12]} 24. Bg2
{[%clk 0:56:57]} h5 {[%clk 0:34:23]} 25. Qb3 {[%clk 0:56:55]} Qc5
{[%clk 0:33:35]} 26. Nd4 {[%clk 0:56:57]} Ne5 {[%clk 0:28:29]} 27. Qb5
{[%clk 0:56:45]} Qa7 {[%clk 0:26:19]} 28. h3 {[%clk 0:49:01]} Rd6
{[%clk 0:17:01]} 29. Qe2 {[%clk 0:49:25]} Qc5 {[%clk 0:17:03]} 30. Ra3
{[%clk 0:47:55]} Rb6 {[%clk 0:15:34]} 31. Rb3 {[%clk 0:48:20]} Kg7
{[%clk 0:13:57]} 32. Rxb6 {[%clk 0:47:58]} Qxb6 {[%clk 0:14:25]} 33. Qb5
{[%clk 0:48:26]} Qd6 {[%clk 0:13:30]} 34. Ne2 {[%clk 0:48:12]} Qe7
{[%clk 0:10:31]} 35. Rxd5 {[%clk 0:48:03]} Nc6 {[%clk 0:10:47]} 36. Nd4
{[%clk 0:34:02]} h4 {[%clk 0:10:53]} 37. gxh4 {[%clk 0:34:13]} Qxh4
{[%clk 0:11:04]} 38. Qf1 {[%clk 0:33:59]} Rh8 {[%clk 0:08:19]} 39. Nf3
{[%clk 0:34:11]} Qh5 {[%clk 0:08:13]} 40. Qd1 {[%clk 0:32:49]} Nf6
{[%clk 0:05:51]} 41. Rd3 {[%clk 0:32:44]} g5 {[%clk 0:05:59]} 42. Nd4
{[%clk 0:32:28]} g4 {[%clk 0:06:23]} 43. Nxc6 {[%clk 0:31:45]} bxc6
{[%clk 0:06:42]} 44. Rd6 {[%clk 0:31:18]} Qg5 {[%clk 0:06:46]} 45. hxg4
{[%clk 0:31:36]} fxg4 {[%clk 0:07:09]} 46. Qd4 {[%clk 0:30:54]} c5
{[%clk 0:07:35]} 47. Qf4 {[%clk 0:31:08]} Qxf4 {[%clk 0:07:35]} 48. exf4 Rb8 49.
Rc6 {[%clk 0:31:23]} Rxb2 {[%clk 0:08:20]} 50. Rxc5 {[%clk 0:31:51]} Rc2
{[%clk 0:08:34]} 51. Bb7 {[%clk 0:28:53]} Kf8 {[%clk 0:06:54]} 52. Kg2
{[%clk 0:28:48]} Nd7 {[%clk 0:06:59]} 53. Rxa5 {[%clk 0:28:37]} Rxc3
{[%clk 0:07:21]} 54. Rf5 {[%clk 0:28:06]} Nc5 {[%clk 0:06:38]} 55. Bc6
{[%clk 0:28:33]} Nd3 {[%clk 0:06:22]} 56. Bb5 {[%clk 0:28:16]} Ne1+
{[%clk 0:06:38]} 57. Kf1 {[%clk 0:28:31]} Nf3 {[%clk 0:07:01]} 58. Rd5
{[%clk 0:27:52]} Ra3 {[%clk 0:06:00]} 59. Ke2 {[%clk 0:24:36]} Ra2+
{[%clk 0:06:09]} 60. Ke3 {[%clk 0:24:55]} Ke7 {[%clk 0:05:32]} 61. f5
{[%clk 0:25:14]} Kf6 {[%clk 0:05:49]} 62. Be8 {[%clk 0:18:54]} Ne5
{[%clk 0:05:50]} 63. a5 {[%clk 0:18:42]} Kxf5 {[%clk 0:05:59]} 64. Bxf7
{[%clk 0:18:25]} Ra3+ {[%clk 0:06:21]} 65. Kd4 {[%clk 0:18:21]} Ra4+
{[%clk 0:06:28]} 66. Kc3 {[%clk 0:18:21]} Ra3+ {[%clk 0:05:56]} 67. Kb4
{[%clk 0:18:30]} Ra1 {[%clk 0:04:53]} 68. Be8 {[%clk 0:17:12]} Ke6
{[%clk 0:03:55]} 69. Rd2 {[%clk 0:17:34]} Nf3 {[%clk 0:03:50]} 70. Rb2
{[%clk 0:17:08]} Ne5 {[%clk 0:04:03]} 71. Bb5 {[%clk 0:14:09]} Kd6
{[%clk 0:04:27]} 72. Rd2+ {[%clk 0:13:33]} Kc7 {[%clk 0:04:47]} 73. Rc2+
{[%clk 0:13:44]} Kb7 {[%clk 0:05:06]} 74. Re2 {[%clk 0:11:39]} Nc6+
{[%clk 0:05:11]} 75. Bxc6+ {[%clk 0:11:16]} Kxc6 {[%clk 0:05:40]} 76. Re7
{[%clk 0:10:56]} Ra2 {[%clk 0:05:55]} 77. Rf7 {[%clk 0:11:22]} Rb2+
{[%clk 0:06:02]} 78. Kc4 {[%clk 0:11:47]} Ra2 {[%clk 0:06:28]} 79. a6
{[%clk 0:11:43]} Ra4+ {[%clk 0:06:10]} 80. Kb3 {[%clk 0:11:28]} Ra1
{[%clk 0:05:09]} 81. a7 {[%clk 0:11:51]} Kd5 {[%clk 0:05:33]} 82. Kb4
{[%clk 0:12:16]} Ke6 {[%clk 0:04:57]} 83. Rh7 {[%clk 0:12:42]} Kd5
{[%clk 0:05:03]} 84. Kb5 {[%clk 0:13:08]} Rb1+ {[%clk 0:05:06]} 85. Ka6
{[%clk 0:13:36]} Ra1+ {[%clk 0:05:29]} 86. Kb7 {[%clk 0:14:04]} Rb1+
{[%clk 0:05:52]} 87. Kc8 {[%clk 0:14:15]} Rc1+ {[%clk 0:06:17]} 88. Kb8
{[%clk 0:14:30]} Rb1+ {[%clk 0:06:43]} 89. Rb7 {[%clk 0:14:58]} Kc6
{[%clk 0:06:30]} 1-0

[Event "Capital"]
[Site "?"]
[Date "2015.09.14"]
[Round "7.10"]
[White "Gholami Orimi, Mahdi"]
[Black "Ghaziolsharif, Kaveh"]
[Result "1/2-1/2"]
[BlackElo "2186"]
[WhiteElo "2058"]
[LiveChessVersion "1.4.6"]

1. d4 Nf6 2. Nf3 g6 3. g3 Bg7 4. Bg2 O-O 5. O-O d6 6. b3 c5 7. c4 Nc6 8. Bb2 cxd4
9. Nxd4 Bd7 10. e3 Qa5 11. Nc3 Rfc8 12. Qd2 Rab8 13. Rfc1 a6 14. Qe2 Bg4 15. f3
Bd7 16. Nxc6 bxc6 17. e4 Be6 18. Na4 Nd7 19. Bxg7 Kxg7 20. Qe1 Qxe1+ 21. Rxe1 c5
22. f4 f6 23. Nc3 1/2-1/2

[Event "Capital"]
[Site "?"]
[Date "2015.09.15"]
[Round "8.1"]
[White "Ghaem Maghami, Ehsan"]
[Black "Pourghanbarzad Lashtnesha, Arm"]
[Result "1-0"]
[BlackElo "2184"]
[WhiteElo "2596"]
[LiveChessVersion "1.4.6"]

1. g3 {[%clk 1:27:55]} Nf6 {[%clk 1:30:24]} 2. Bg2 {[%clk 1:26:46]} g6
{[%clk 1:29:08]} 3. e4 {[%clk 1:27:02]} d6 {[%clk 1:29:01]} 4. d4 Nbd7
{[%clk 1:28:49]} 5. Nc3 {[%clk 1:24:48]} Bg7 {[%clk 1:28:04]} 6. Nge2
{[%clk 1:25:10]} e5 {[%clk 1:27:53]} 7. O-O {[%clk 1:23:17]} O-O {[%clk 1:27:16]}
8. h3 {[%clk 1:23:14]} c6 {[%clk 1:25:11]} 9. a4 exd4 {[%clk 1:13:45]} 10. Nxd4
{[%clk 1:23:03]} Nc5 {[%clk 1:13:59]} 11. Re1 {[%clk 1:18:48]} a5
{[%clk 1:12:55]} 12. Bf4 {[%clk 1:15:18]} Nh5 {[%clk 1:09:50]} 13. Be3
{[%clk 1:15:26]} Re8 {[%clk 1:09:54]} 14. Qd2 {[%clk 1:13:40]} Bd7
{[%clk 1:05:54]} 15. Rad1 {[%clk 1:12:23]} Bf8 {[%clk 0:54:06]} 16. b3
{[%clk 0:54:54]} Qc7 {[%clk 0:45:00]} 17. Bg5 {[%clk 0:53:19]} Ng7
{[%clk 0:42:25]} 18. Be3 {[%clk 0:47:43]} Rad8 {[%clk 0:38:53]} 19. Ndb5
{[%clk 0:46:43]} Qb6 {[%clk 0:23:22]} 20. Bg5 {[%clk 0:38:07]} f6
{[%clk 0:16:58]} 21. Bxf6 {[%clk 0:38:16]} cxb5 {[%clk 0:17:03]} 22. Nd5
{[%clk 0:38:38]} Qa6 {[%clk 0:16:46]} 23. Bxd8 {[%clk 0:37:28]} Rxd8
{[%clk 0:17:00]} 24. Nf6+ {[%clk 0:37:28]} Kf7 {[%clk 0:16:55]} 25. Nxh7
{[%clk 0:37:40]} Nce6 {[%clk 0:11:00]} 26. Nxf8 {[%clk 0:33:36]} Kxf8
{[%clk 0:10:58]} 27. Qh6 {[%clk 0:29:56]} Be8 {[%clk 0:08:51]} 28. Bf1
{[%clk 0:20:58]} Kf7 {[%clk 0:07:38]} 29. Re3 {[%clk 0:12:02]} Nf8
{[%clk 0:05:03]} 30. Qh8 {[%clk 0:10:38]} Nfe6 {[%clk 0:02:21]} 31. Rf3+
{[%clk 0:10:00]} Ke7 {[%clk 0:02:46]} 32. Qh4+ {[%clk 0:10:18]} g5
{[%clk 0:02:54]} 33. Qh6 {[%clk 0:10:39]} Bc6 {[%clk 0:02:43]} 34. axb5
{[%clk 0:10:24]} Bxb5 {[%clk 0:02:59]} 35. c4 {[%clk 0:10:14]} Bc6
{[%clk 0:02:04]} 36. c5 {[%clk 0:10:16]} Qa8 {[%clk 0:01:47]} 37. Qf6+
{[%clk 0:10:30]} 1-0

[Event "Capital"]
[Site "?"]
[Date "2015.09.15"]
[Round "8.2"]
[White "Sedaghati, Mehrdad"]
[Black "Mosadeghpour, Masoud"]
[Result "1-0"]
[BlackElo "2416"]
[WhiteElo "2238"]
[LiveChessVersion "1.4.6"]

1. e4 {[%clk 1:33:11]} e5 {[%clk 1:19:45]} 2. Nf3 {[%clk 1:33:11]} Nf6
{[%clk 1:19:45]} 3. Nxe5 {[%clk 1:33:11]} d6 {[%clk 1:19:45]} 4. Nf3
{[%clk 1:33:11]} Nxe4 {[%clk 1:19:45]} 5. d4 {[%clk 1:33:11]} d5 {[%clk 1:19:45]}
6. Bd3 {[%clk 1:33:11]} Nc6 {[%clk 1:19:45]} 7. O-O {[%clk 1:33:11]} Be7
{[%clk 1:19:45]} 8. c4 {[%clk 1:33:11]} Nb4 {[%clk 1:19:45]} 9. Be2
{[%clk 1:33:11]} O-O 10. Nc3 Bf5 {[%clk 1:12:21]} 11. a3 {[%clk 1:32:10]} Nxc3
{[%clk 1:12:36]} 12. bxc3 {[%clk 1:32:33]} Nc6 {[%clk 1:13:03]} 13. Re1
{[%clk 1:32:16]} Bf6 {[%clk 1:07:51]} 14. Bf4 {[%clk 1:22:54]} Rc8
{[%clk 1:04:49]} 15. cxd5 {[%clk 1:16:51]} Qxd5 {[%clk 1:04:36]} 16. Nd2
{[%clk 1:17:00]} Na5 {[%clk 0:50:30]} 17. Bf3 {[%clk 1:14:22]} Qd7
{[%clk 0:50:38]} 18. Be5 {[%clk 0:57:14]} Be7 {[%clk 0:48:02]} 19. c4
{[%clk 0:47:40]} f6 {[%clk 0:39:40]} 20. Bg3 {[%clk 0:46:55]} Rfe8
{[%clk 0:40:09]} 21. d5 {[%clk 0:37:02]} Bd6 {[%clk 0:32:18]} 22. Rxe8+
{[%clk 0:30:10]} Rxe8 {[%clk 0:30:52]} 23. Qc1 {[%clk 0:28:44]} b6
{[%clk 0:26:23]} 24. Qc3 {[%clk 0:27:40]} Qe7 {[%clk 0:24:18]} 25. Nf1
{[%clk 0:25:00]} Be5 {[%clk 0:23:50]} 26. Bxe5 {[%clk 0:25:26]} Qxe5
{[%clk 0:24:17]} 27. Qxe5 {[%clk 0:25:38]} Rxe5 28. Ne3 Bd3 {[%clk 0:25:01]} 29.
Rd1 {[%clk 0:19:01]} Bxc4 {[%clk 0:25:13]} 30. d6 {[%clk 0:19:17]} cxd6
{[%clk 0:25:39]} 31. Nxc4 {[%clk 0:19:43]} Nxc4 {[%clk 0:26:05]} 32. Bd5+
{[%clk 0:20:09]} Rxd5 {[%clk 0:26:31]} 33. Rxd5 {[%clk 0:20:38]} Kf7
{[%clk 0:26:39]} 34. a4 {[%clk 0:18:41]} Ke6 {[%clk 0:27:02]} 35. Rd4
{[%clk 0:19:10]} d5 {[%clk 0:27:07]} 36. Kf1 {[%clk 0:18:54]} Ke5
{[%clk 0:24:43]} 37. Rh4 {[%clk 0:18:42]} h6 {[%clk 0:24:10]} 38. Ke2
{[%clk 0:18:45]} a5 {[%clk 0:17:20]} 39. Kd3 {[%clk 0:17:55]} Kd6
{[%clk 0:16:28]} 40. Kd4 {[%clk 0:12:09]} Ne5 {[%clk 0:15:52]} 41. f4
{[%clk 0:11:45]} Nc6+ {[%clk 0:10:15]} 42. Kc3 {[%clk 0:10:04]} Kc5
{[%clk 0:07:57]} 43. f5 {[%clk 0:10:00]} d4+ {[%clk 0:07:28]} 44. Kb3
{[%clk 0:10:19]} Ne7 {[%clk 0:07:01]} 45. Rf4 {[%clk 0:10:16]} Kd5
{[%clk 0:07:09]} 46. Rf1 {[%clk 0:09:10]} Nc8 {[%clk 0:07:12]} 47. Re1
{[%clk 0:07:37]} Nd6 {[%clk 0:06:58]} 48. g4 {[%clk 0:07:50]} Ne4
{[%clk 0:07:06]} 49. Kc2 {[%clk 0:07:57]} Nc5 {[%clk 0:01:23]} 50. Re7
{[%clk 0:08:08]} Nxa4 {[%clk 0:01:34]} 51. Rxg7 {[%clk 0:08:28]} Nc5
{[%clk 0:01:59]} 52. Rg6 {[%clk 0:08:05]} d3+ {[%clk 0:01:59]} 53. Kc3
{[%clk 0:08:05]} b5 {[%clk 0:01:43]} 54. Rxh6 {[%clk 0:08:24]} b4+
{[%clk 0:02:09]} 55. Kd2 {[%clk 0:08:53]} a4 {[%clk 0:01:54]} 56. g5
{[%clk 0:08:52]} fxg5 {[%clk 0:01:39]} 57. f6 {[%clk 0:07:18]} Ke6
{[%clk 0:01:47]} 58. f7+ {[%clk 0:07:33]} Kxf7 {[%clk 0:02:13]} 59. Rc6
{[%clk 0:08:02]} b3 {[%clk 0:02:16]} 60. Rxc5 {[%clk 0:07:22]} b2
{[%clk 0:01:07]} 61. Rf5+ {[%clk 0:07:45]} Kg6 {[%clk 0:00:46]} 62. Rf1
{[%clk 0:08:14]} a3 {[%clk 0:00:37]} 63. Kc3 {[%clk 0:08:35]} Kh5
{[%clk 0:01:04]} 64. Kb3 {[%clk 0:08:50]} Kh4 {[%clk 0:01:23]} 65. Ka2
{[%clk 0:08:53]} Kh3 {[%clk 0:00:32]} 66. Rf2 {[%clk 0:08:49]} Kg4
{[%clk 0:00:57]} 67. Rd2 {[%clk 0:08:39]} Kh3 {[%clk 0:01:01]} 68. Kb1
{[%clk 0:09:02]} 1-0

[Event "Capital"]
[Site "?"]
[Date "2015.09.15"]
[Round "8.3"]
[White "Khademi, Mohammad Miran"]
[Black "Noroozi, Omid"]
[Result "1-0"]
[BlackElo "2375"]
[WhiteElo "2235"]
[LiveChessVersion "1.4.6"]

1. e4 {[%clk 1:27:57]} c5 {[%clk 1:31:03]} 2. c3 {[%clk 1:27:57]} g6
{[%clk 1:31:03]} 3. d4 {[%clk 1:27:57]} cxd4 {[%clk 1:31:03]} 4. cxd4
{[%clk 1:27:57]} d5 {[%clk 1:31:03]} 5. e5 {[%clk 1:27:57]} Nc6 {[%clk 1:31:03]}
6. Nc3 {[%clk 1:27:57]} Nh6 {[%clk 1:23:41]} 7. Bf4 {[%clk 1:28:19]} Nf5
{[%clk 1:23:41]} 8. Nf3 {[%clk 1:28:19]} e6 {[%clk 1:22:46]} 9. Qd2
{[%clk 1:26:37]} Bg7 {[%clk 1:18:32]} 10. g4 {[%clk 1:19:37]} Nh4
{[%clk 1:11:40]} 11. Nxh4 {[%clk 1:04:47]} Qxh4 {[%clk 1:12:07]} 12. Nb5
{[%clk 1:02:38]} O-O {[%clk 0:43:23]} 13. g5 {[%clk 0:58:11]} a6 {[%clk 0:31:25]}
14. Nc3 {[%clk 0:58:30]} b5 {[%clk 0:20:05]} 15. Rg1 {[%clk 0:51:45]} Ne7
{[%clk 0:10:43]} 16. Rg3 {[%clk 0:34:01]} Nf5 {[%clk 0:07:20]} 17. Rh3
{[%clk 0:34:03]} Qg4 {[%clk 0:07:49]} 18. f3 {[%clk 0:34:22]} Qg1
{[%clk 0:07:59]} 19. Ne2 {[%clk 0:34:44]} Qh1 {[%clk 0:08:28]} 20. Kf2
{[%clk 0:34:45]} 1-0

[Event "Capital"]
[Site "?"]
[Date "2015.09.15"]
[Round "8.4"]
[White "Ghorbani, Hadi"]
[Black "Nasri, Amin"]
[Result "1-0"]
[BlackElo "2307"]
[WhiteElo "2084"]
[LiveChessVersion "1.4.6"]

1. d4 {[%clk 1:30:06]} Nf6 {[%clk 1:30:54]} 2. c4 {[%clk 1:30:14]} e6
{[%clk 1:31:21]} 3. Nf3 {[%clk 1:30:09]} Bb4+ {[%clk 1:30:02]} 4. Nbd2
{[%clk 1:30:25]} b6 {[%clk 1:30:19]} 5. e3 {[%clk 1:30:24]} Bb7 {[%clk 1:30:37]}
6. Bd3 {[%clk 1:29:33]} O-O {[%clk 1:27:34]} 7. O-O {[%clk 1:29:46]} c5
{[%clk 1:19:59]} 8. a3 {[%clk 1:28:20]} Bxd2 9. Bxd2 {[%clk 1:27:33]} Ne4
{[%clk 1:18:15]} 10. Be1 {[%clk 1:27:04]} f5 {[%clk 1:15:07]} 11. b4
{[%clk 1:19:30]} d6 {[%clk 1:10:13]} 12. Nd2 {[%clk 1:09:50]} cxd4
{[%clk 0:41:09]} 13. exd4 {[%clk 1:07:01]} Qf6 {[%clk 0:38:51]} 14. Nb3
{[%clk 1:06:16]} Nd7 {[%clk 0:33:22]} 15. f3 {[%clk 1:05:53]} Ng5
{[%clk 0:33:50]} 16. Bc3 {[%clk 1:02:11]} Qh6 {[%clk 0:27:19]} 17. c5
{[%clk 0:58:16]} Bd5 {[%clk 0:23:00]} 18. cxd6 {[%clk 0:57:03]} Rf6
{[%clk 0:20:15]} 19. Nd2 {[%clk 0:47:14]} Nh3+ {[%clk 0:19:34]} 20. Kh1
{[%clk 0:47:15]} Nf4 {[%clk 0:15:38]} 21. Bb5 {[%clk 0:39:46]} Rg6
{[%clk 0:15:52]} 22. Rf2 {[%clk 0:39:15]} Nf6 {[%clk 0:15:22]} 23. Nf1
{[%clk 0:26:24]} Qh5 {[%clk 0:11:48]} 24. Be2 {[%clk 0:20:20]} Rd8
{[%clk 0:08:51]} 25. Bd2 {[%clk 0:20:30]} Qh4 {[%clk 0:08:23]} 26. Bxf4
{[%clk 0:20:14]} Qxf4 {[%clk 0:08:49]} 27. Kg1 {[%clk 0:17:22]} Qxd6
{[%clk 0:08:26]} 28. Rc1 {[%clk 0:17:03]} Nh5 {[%clk 0:06:41]} 29. Bc4
{[%clk 0:14:23]} Nf4 {[%clk 0:06:56]} 30. Rd2 {[%clk 0:14:29]} Bb7
{[%clk 0:04:49]} 31. Ne3 {[%clk 0:11:40]} Nh3+ {[%clk 0:04:35]} 32. Kh1
{[%clk 0:10:53]} Qf4 {[%clk 0:05:04]} 33. Qe2 {[%clk 0:07:17]} Ng5
{[%clk 0:05:20]} 34. d5 {[%clk 0:06:24]} Rh6 {[%clk 0:03:30]} 35. Nf1
{[%clk 0:06:22]} exd5 {[%clk 0:02:20]} 36. Qe7 {[%clk 0:02:06]} Rb8
{[%clk 0:01:14]} 37. Bb3 {[%clk 0:00:51]} Re6 {[%clk 0:00:48]} 38. Qd7
{[%clk 0:01:03]} Qd6 {[%clk 0:00:43]} 39. Qxd6 {[%clk 0:01:14]} Rxd6
{[%clk 0:01:08]} 40. Rc7 {[%clk 0:00:58]} Ne6 {[%clk 0:01:27]} 41. Rc1
{[%clk 0:00:47]} f4 {[%clk 0:01:50]} 42. g3 {[%clk 0:00:47]} Kf8 {[%clk 0:02:07]}
43. gxf4 {[%clk 0:01:09]} Nxf4 {[%clk 0:02:16]} 44. Ng3 {[%clk 0:01:34]} d4
{[%clk 0:02:26]} 45. Ne4 {[%clk 0:01:57]} Rd7 {[%clk 0:01:29]} 46. Rg1
{[%clk 0:01:45]} Rc8 {[%clk 0:00:38]} 47. Rgd1 {[%clk 0:01:26]} Rc3 48. Nxc3
{[%clk 0:01:18]} Bxf3+ {[%clk 0:01:00]} 49. Kg1 {[%clk 0:01:34]} Rc7
{[%clk 0:00:47]} 50. Nb5 {[%clk 0:01:51]} Rc6 {[%clk 0:00:57]} 51. Rxd4
{[%clk 0:01:45]} Nh3+ {[%clk 0:00:40]} 52. Kf1 {[%clk 0:02:01]} Bxd1 53. Rxd1
{[%clk 0:01:48]} Rf6+ {[%clk 0:01:18]} 54. Kg2 {[%clk 0:01:51]} Nf4+
{[%clk 0:01:43]} 55. Kh1 {[%clk 0:02:05]} a6 {[%clk 0:01:45]} 56. Nc7
{[%clk 0:02:22]} g5 {[%clk 0:01:45]} 57. Nd5 {[%clk 0:01:55]} Nxd5
{[%clk 0:02:06]} 58. Bxd5 {[%clk 0:02:13]} h6 {[%clk 0:02:14]} 59. Kg2
{[%clk 0:02:29]} Ke7 {[%clk 0:02:10]} 60. Rf1 {[%clk 0:02:14]} Rd6
{[%clk 0:02:28]} 61. Rf7+ {[%clk 0:02:26]} Ke8 {[%clk 0:02:53]} 62. Rf5
{[%clk 0:02:50]} Rd8 {[%clk 0:03:13]} 63. Kg3 1-0

[Event "Capital"]
[Site "?"]
[Date "2015.09.15"]
[Round "8.5"]
[White "Moradi, Amirmasoud"]
[Black "Karimi, Mohammad"]
[Result "1-0"]
[BlackElo "2207"]
[WhiteElo "2159"]
[LiveChessVersion "1.4.6"]

1. d4 {[%clk 1:30:49]} f5 {[%clk 1:30:30]} 2. e4 {[%clk 1:30:55]} fxe4
{[%clk 1:29:59]} 3. Nc3 {[%clk 1:30:55]} Nf6 {[%clk 1:29:59]} 4. Bg5
{[%clk 1:30:55]} c6 {[%clk 1:29:59]} 5. Qd2 {[%clk 1:30:55]} d5 {[%clk 1:29:59]}
6. O-O-O e6 7. f3 {[%clk 1:24:47]} b5 {[%clk 1:16:28]} 8. Bxf6 {[%clk 1:19:58]}
Qxf6 {[%clk 1:11:51]} 9. fxe4 {[%clk 1:18:04]} b4 {[%clk 1:10:06]} 10. Nce2
{[%clk 1:14:58]} dxe4 {[%clk 1:04:52]} 11. Ng3 {[%clk 1:12:22]} Ba6
{[%clk 0:57:59]} 12. Nh3 {[%clk 0:50:50]} Be7 {[%clk 0:46:37]} 13. Nxe4
{[%clk 0:34:53]} Qg6 {[%clk 0:46:30]} 14. Qf4 {[%clk 0:27:18]} Rf8
{[%clk 0:40:04]} 15. Qe3 {[%clk 0:27:47]} Qh6 {[%clk 0:35:53]} 16. Qxh6
{[%clk 0:21:15]} gxh6 {[%clk 0:36:11]} 17. g3 {[%clk 0:21:24]} Bxf1
{[%clk 0:32:06]} 18. Rhxf1 {[%clk 0:21:42]} Na6 {[%clk 0:32:17]} 19. Rxf8+
{[%clk 0:14:38]} Kxf8 {[%clk 0:32:38]} 20. Nf4 {[%clk 0:13:50]} Nc7
{[%clk 0:32:31]} 21. c4 {[%clk 0:12:56]} bxc3 {[%clk 0:32:45]} 22. bxc3
{[%clk 0:13:12]} Bg5 {[%clk 0:29:23]} 23. Nxg5 {[%clk 0:11:55]} hxg5
{[%clk 0:29:52]} 24. Nd3 {[%clk 0:12:24]} Kg7 {[%clk 0:27:50]} 25. Kc2
{[%clk 0:11:44]} Rf8 {[%clk 0:24:05]} 26. Rb1 {[%clk 0:11:22]} Nb5
{[%clk 0:23:46]} 27. Re1 {[%clk 0:09:01]} Rf6 {[%clk 0:17:07]} 28. Re5
{[%clk 0:07:46]} h6 {[%clk 0:12:05]} 29. Rc5 {[%clk 0:07:30]} Rf1
{[%clk 0:10:54]} 30. Rxc6 {[%clk 0:06:25]} Rh1 {[%clk 0:08:02]} 31. Kb3
{[%clk 0:02:55]} Rxh2 {[%clk 0:05:27]} 32. a4 {[%clk 0:02:52]} Nxd4+
{[%clk 0:01:56]} 33. cxd4 {[%clk 0:03:21]} Rg2 {[%clk 0:02:16]} 34. Rxe6
{[%clk 0:03:39]} Rxg3 {[%clk 0:02:36]} 35. Kc4 {[%clk 0:04:00]} h5
{[%clk 0:02:47]} 36. Ne5 {[%clk 0:03:16]} a5 {[%clk 0:01:22]} 37. d5
{[%clk 0:02:57]} Rg1 {[%clk 0:00:58]} 38. d6 {[%clk 0:02:50]} 1-0

[Event "Capital"]
[Site "?"]
[Date "2015.09.15"]
[Round "8.6"]
[White "Teymourlou, Ahmad"]
[Black "Mohandesi, Shahin"]
[Result "1/2-1/2"]
[BlackElo "2204"]
[WhiteElo "1857"]
[LiveChessVersion "1.4.6"]

1. d4 d5 {[%clk 1:07:02]} 2. c4 {[%clk 1:28:42]} c6 {[%clk 1:07:12]} 3. Nf3
{[%clk 1:28:49]} Nf6 {[%clk 1:07:35]} 4. g3 {[%clk 1:27:59]} dxc4
{[%clk 1:07:07]} 5. a4 {[%clk 1:20:46]} Na6 {[%clk 1:06:33]} 6. Na3
{[%clk 1:15:24]} Be6 {[%clk 1:04:50]} 7. Bg2 {[%clk 1:08:12]} Bd5
{[%clk 1:05:17]} 8. O-O {[%clk 0:55:47]} e6 {[%clk 1:05:44]} 9. Bf4
{[%clk 0:44:45]} Bxa3 {[%clk 0:51:47]} 10. Rxa3 {[%clk 0:43:58]} O-O
{[%clk 0:52:12]} 11. Bg5 {[%clk 0:38:43]} h6 {[%clk 0:52:26]} 12. Bxf6
{[%clk 0:39:02]} Qxf6 {[%clk 0:52:53]} 13. Ne5 {[%clk 0:31:10]} Bxg2
{[%clk 0:52:41]} 14. Kxg2 {[%clk 0:31:38]} Qd8 {[%clk 0:53:09]} 15. e4
{[%clk 0:28:41]} c5 {[%clk 0:52:23]} 16. d5 {[%clk 0:26:55]} exd5
{[%clk 0:51:10]} 17. exd5 {[%clk 0:25:58]} Nb4 {[%clk 0:51:23]} 18. d6
{[%clk 0:25:22]} Qg5 {[%clk 0:51:26]} 19. Nxc4 {[%clk 0:24:31]} Rad8
{[%clk 0:51:03]} 20. Re1 {[%clk 0:23:02]} b6 {[%clk 0:50:47]} 21. Rae3
{[%clk 0:20:29]} Nc6 {[%clk 0:50:19]} 22. h4 {[%clk 0:18:01]} Qf5
{[%clk 0:50:14]} 23. Rf3 Qg4 {[%clk 0:48:52]} 24. Ne5 {[%clk 0:15:43]} Nxe5
{[%clk 0:48:29]} 25. Rxe5 {[%clk 0:16:12]} Rd7 {[%clk 0:47:44]} 26. b3
{[%clk 0:06:45]} Rfd8 {[%clk 0:47:27]} 27. Qd5 {[%clk 0:06:08]} Qd4
{[%clk 0:47:32]} 28. Qxd4 {[%clk 0:06:04]} cxd4 {[%clk 0:48:00]} 29. Re7
{[%clk 0:06:22]} f6 {[%clk 0:45:36]} 30. Rd3 {[%clk 0:06:05]} Rxe7
{[%clk 0:44:06]} 31. dxe7 {[%clk 0:06:33]} Re8 {[%clk 0:44:35]} 32. Rxd4
{[%clk 0:07:00]} Rxe7 {[%clk 0:45:04]} 33. h5 {[%clk 0:05:51]} Kf7
{[%clk 0:42:32]} 34. g4 {[%clk 0:05:49]} Rc7 {[%clk 0:42:49]} 35. Rd3
{[%clk 0:05:07]} Ke6 {[%clk 0:43:04]} 36. f3 {[%clk 0:04:28]} f5 {[%clk 0:43:13]}
37. Re3+ {[%clk 0:03:06]} Kf6 {[%clk 0:43:35]} 38. Kg3 {[%clk 0:02:49]} Rd7
{[%clk 0:42:59]} 39. Rc3 {[%clk 0:02:22]} fxg4 {[%clk 0:43:01]} 40. fxg4
{[%clk 0:02:22]} Kg5 {[%clk 0:43:01]} 41. Rf3 {[%clk 0:02:24]} Rd5
{[%clk 0:42:17]} 42. Re3 {[%clk 0:02:53]} Rd4 {[%clk 0:42:09]} 43. Re5+
{[%clk 0:03:18]} Kf6 {[%clk 0:42:37]} 44. Re3 {[%clk 0:03:41]} Rd1
{[%clk 0:41:41]} 45. Kf4 {[%clk 0:03:46]} Rd4+ {[%clk 0:40:24]} 46. Kg3
{[%clk 0:03:59]} Rb4 {[%clk 0:40:20]} 47. Rd3 {[%clk 0:03:17]} a6
{[%clk 0:37:31]} 48. Re3 {[%clk 0:03:15]} Rd4 {[%clk 0:37:09]} 49. Rf3+
{[%clk 0:02:13]} Ke6 {[%clk 0:37:25]} 50. Re3+ {[%clk 0:02:25]} Kd6
{[%clk 0:36:28]} 51. Rf3 {[%clk 0:02:07]} Rd5 {[%clk 0:36:14]} 52. Rf7
{[%clk 0:01:59]} Rg5 {[%clk 0:36:42]} 53. Kf4 {[%clk 0:01:19]} b5
{[%clk 0:33:00]} 54. Rf5 {[%clk 0:00:55]} bxa4 {[%clk 0:33:24]} 55. bxa4
{[%clk 0:01:18]} Rxf5+ {[%clk 0:33:34]} 56. Kxf5 {[%clk 0:01:46]} Ke7
{[%clk 0:34:03]} 57. Ke5 {[%clk 0:00:47]} a5 {[%clk 0:34:31]} 58. Kf5
{[%clk 0:00:58]} Kf7 {[%clk 0:35:01]} 59. g5 {[%clk 0:01:01]} hxg5
{[%clk 0:35:29]} 60. Kxg5 {[%clk 0:01:30]} Kf8 1/2-1/2